| 000 | 00505nam a22001817a 4500 | ||
|---|---|---|---|
| 003 | CEME | ||
| 005 | 20210628202421.0 | ||
| 008 | 210204b xxu||||| |||| 00| 0 eng d | ||
| 020 | _a983-72-0420-6 | ||
| 040 | _c. | ||
| 082 | _a658.4 MEY | ||
| 100 |
_aMeyer, Henry R.Dr _959821 |
||
| 245 | _aHow to manage effectively in the new millennium | ||
| 260 |
_aKUALALUMPUR _bGOLDEN BOOKS PUBLISHER _c2000 |
||
| 300 | _aXV,427P | ||
| 650 |
_aMANAGE EFFECTIVELY IN THE NEW MILLENNIUM _959822 |
||
| 942 |
_cBK _2ddc |
||
| 999 |
_c569709 _d569709 |
||